000 00716na a2200253 4500
001 16034
003 MIRAKIL
005 20181213154956.0
008 161013b tu 000 0
020 _a9786056191664
035 _a16034
040 _aMilas
_btur
_cTR-AnCHP
082 _a813.42
_bS26k 2011
090 _a813.42 S26k 2011
100 _aSarıhan, Zeki
245 _aKurtuluş Savaşı öyküleri
_b2. Kitap
_cZeki Sarıhan
260 _aAnkara
_bÖğretmen Dünyası Yayınları
_c2011
300 _a120 s.
_c19 sm.
490 _aKurtuluş Savaşı Dizisi
_v4
504 _aKaynakça var.
650 _aKurtuluş Savaşı, Edebiyatta
_xÖyküler
650 _aTürkçe öykü
942 _2ddc
_cBKS
999 _c4176
_d4176